Horror Movies - The Last 40 Years - Statistics

General Stats
  • This quiz has been taken 114 times
  • The average score is 19 of 41
Answer Stats
Picture Answer % Correct
Child's Play (1988)
95%
Scream (1996)
93%
Hellraiser (1987)
92%
Halloween Kills (2021)
83%
Terrifier 2 (2022)
79%
Bride Of Chucky (1998)
77%
Scream VI (2023)
74%
I Know What You Did Last Summer (2025)
71%
Happy Death Day (2017)
67%
Anaconda (1997)
66%
Insidious (2010)
66%
Candyman (1992)
64%
Sleepy Hollow (1999)
63%
Hereditary (2018)
59%
Nosferatu (2024)
56%
Evil Dead (2013)
52%
Ghost Ship (2002)
52%
Re-Animator (1985)
51%
Night Of The Living Dead (1990)
43%
Slither (2006)
42%
Drag Me To Hell (2009)
41%
Wrong Turn (2003)
41%
Lights Out (2016)
39%
The Cabin In The Woods (2012)
36%
The Amityville Horror (2005)
35%
You're Next (2011)
35%
Crawl (2019)
34%
1408 (2007)
31%
Crimson Peak (2015)
28%
The Midnight Meat Train (2008)
26%
What Lies Beneath (2000)
26%
Village Of The Damned (1995)
25%
April Fool's Day (1986)
23%
Valentine (2001)
19%
The People Under The Stairs (1991)
18%
Creep (2004)
16%
Cronos (1993)
15%
Deliver Us From Evil (2014)
14%
Intruder (1989)
14%
Underwater (2020)
13%
Mary Shelley's Frankenstein (1994)
12%
No matching quizzes found
Score Distribution
Percent of People with Each Score
Percentile by Number Answered
Your Score History
You have not taken this quiz